Diccionario Laboral Con conceptos laborales de la legislacin̤ Mexicana, Espaǫla y Estadounidense

Detalles Bibliográficos
Formato: eBook
Lenguaje:español
Publicado: Mx̌ico D.F.: Ral︢ Jur̀ez Carro Editorial, 2013
Materias:
Acceso en línea:Acceso restringido

MARC

LEADER 00000nam a22000007a 4500
005 2013091706276.0
007 cr|||| ||||
008 130917s2013 mx |||||s|||| 00||0 spa d
035 |a 11485 
040 |a vLex 
090 |c 4497  |d 4497 
245 0 0 |a Diccionario Laboral  |h [Recurso electrn̤ico] :  |b Con conceptos laborales de la legislacin̤ Mexicana, Espaǫla y Estadounidense 
256 |a Servicio en ln̕ea 
260 |a Mx̌ico D.F.:  |b Ral︢ Jur̀ez Carro Editorial,  |c 2013 
300 |a 1 recurso electrn̤ico 
506 1 |a Contenido solo disponible en los productos indicados  |d vLex Global  |d vLex Global (Academic Edition, excluding Law Schools)  |d vLex Global (U.S. Academic Edition, Law Schools)  |d vLex Global (U.S. Academic Edition, excluding Law Schools)  |d vLex Global (Academic Edition, Law Schools) 
650 0 4 |a Derecho del trabajo  |v Diccionarios  |z Mx̌ico 
740 0 |a vLex Libros (Servicio en ln̕ea) 
856 4 0 |u http://vlex.com/source/diccionario-laboral-11485  |z Acceso restringido 
942 |c BOOK 
999 0 |a Labor laws and legislation--Dictionaries---Mexico